1763 1657 1196 1124 1854 1350 1931 1305 1452 1486 1951 1870 1328 1360 1787 1249 1685 1504 1278 1861 1991 1370 1783 1550 1840 1766 1118 1839 1398 1148 1969 1735 1304 1534 1867 1715 1605 1780 1760 1622 1364 1389 1024 1930 1426 1608 1475 1047 1582 1362 1975 1307 1161 1968 1415 1520 1977 1262 1136 1424 1268 1958 1375 1523 1586 1405 1961 1140 1798 1042 1696 1993 1472 1674 1445 1172 1129 1458 1134 1460 1865 1281 1577 1948 1529 1588 1554 1898 1835 1636 1669 1994 1938 1301 1432 1793 1627 1122 1495 BCNSPRNW ULIB Ver.6.0+V

เปลี่ยนเป็นภาษาไทย

Change to English
 แสดงรายละเอียดบรรณานุกรม
  กลับหน้าหลัก

Brief Record : Get Marc (ISO 2709) : E-mail record : QR code < ปิดหน้าต่าง
LEADER : 00000nam 2200000uu 4500
001    13399114580
003     ULIB
008    120418s2552||||th 000 0 tha d
020    ^a9786115080472
050 04 ^aBQ4415^bช411ม 2552
100 0  ^aชัยมงคล
245 10 ^aมงคลชีวิต 38 ประการ /^cชัยมงคล
250    ^aพิมพ์ครั้งที่ 2
260    ^aกรุงเทพฯ :^bแสงดาว,^c2552
300    ^a120 หน้า
650  7 ^aมงคล
650  7 ^aธรรมะ
945    ^p90^l0^i17064
995    ^aกัณชพร
999    ^aใช้งานได้ทุกระบบ
รายการนี้ยังไม่มีแท็ก
คุณยังไม่ได้ล็อกอิน คุณสามารถมีกิจกรรมร่วมกับเว็บไซต์ได้ แต่ต้องล็อกอินก่อน ::
  ล็อกอิน

รายการสื่อสารสนเทศ

ลำดับที่ ประเภท เลขเรียก/บาร์โค้ด สถานที่ สถานะ
- ไม่พบข้อมูล -

รายการใกล้เคียง
    ผู้แต่ง [ชัยมงคล]

    หัวเรื่อง [มงคล]
    หัวเรื่อง [ธรรมะ]

BibComment


ยังไม่เคยถูกคอมเมนท์

คอมเมนท์ทรัพยากรรายการนี้
  คอมเมนท์: มงคลชีวิต 38 ประ..


 Copyright 2026. Bcnsprnw @Library